[Event "ch-RUS Superfinal w 2014"]
[Site "Kazan RUS"]
[Date "2014.12.07"]
[Round "9.3"]
[White "Goryachkina, Aleksandra"]
[Black "Kovalevskaya, Ekaterina"]
[Result "1/2-1/2"]
[WhiteTitle "WGM"]
[BlackTitle "IM"]
[WhiteElo "2438"]
[BlackElo "2439"]
[WhiteFideId "4147103"]
[BlackFideId "4116704"]
[EventDate "2014.11.28"]

1. d4 Nf6 2. c4 c5 3. d5 b5 4. cxb5 a6 5. bxa6 g6 6. Nc3 Bg7 7. e4 O-O 8. a7
Rxa7 9. Nf3 e6 10. Be2 exd5 11. exd5 d6 12. O-O Na6 13. Nd2 Nc7 14. Nc4 Re8 15.
Bf4 Ncxd5 16. Nxd5 Nxd5 17. Qxd5 Rxe2 18. Nxd6 Bd4 19. Qc6 Ba6 20. Be3 Rxe3 21.
fxe3 Bxe3+ 22. Kh1 Bxf1 23. Rxf1 Re7 24. Nc4 Qd3 25. Nxe3 Rxe3 26. Qf6 Qd5 27.
a4 Re2 28. Rg1 Rxg2 29. Rxg2 Qd1+ 30. Rg1 Qd5+ 31. Rg2 Qd1+ 32. Rg1 Qd5+ 33. Rg2
Qd1+ 1/2-1/2

[Event "ch-RUS Superfinal w 2014"]
[Site "Kazan RUS"]
[Date "2014.12.07"]
[Round "9.4"]
[White "Gritsayeva, Oksana"]
[Black "Kosteniuk, Alexandra"]
[Result "1-0"]
[WhiteTitle "WFM"]
[BlackTitle "GM"]
[WhiteElo "2335"]
[BlackElo "2541"]
[WhiteFideId "14104652"]
[BlackFideId "4128125"]
[EventDate "2014.11.28"]

1. e4 c5 2. Nf3 Nc6 3. Bb5 Nf6 4. Bxc6 dxc6 5. d3 Bg4 6. Nbd2 Nd7 7. h3 Bh5 8.
Nf1 e5 9. Ng3 Bxf3 10. Qxf3 g6 11. Qg4 h5 12. Qe2 Bg7 13. Be3 h4 14. Nf1 Nf8 15.
Nd2 Ne6 16. O-O Qe7 17. a4 O-O-O 18. Nc4 f5 19. b4 cxb4 20. Bxa7 Nf4 21. Qf3
fxe4 22. Qxe4 c5 23. a5 Rd4 24. Qf3 Rf8 25. a6 e4 26. Qg4+ Kc7 27. Bb8+ Kxb8 28.
a7+ Kc7 29. a8=Q Rxa8 30. Rxa8 Ne6 31. Qxg6 exd3 32. cxd3 Qf6 33. Qe8 Nd8 34.
Qb5 Bf8 35. Rc1 Qc6 36. Qa5+ b6 37. Qa6 Kd7 38. Ne5+ 1-0

[Event "ch-RUS Superfinal w 2014"]
[Site "Kazan RUS"]
[Date "2014.12.07"]
[Round "9.5"]
[White "Pogonina, Natalija"]
[Black "Kashlinskaya, Alina"]
[Result "0-1"]
[WhiteTitle "WGM"]
[BlackTitle "IM"]
[WhiteElo "2480"]
[BlackElo "2439"]
[WhiteFideId "4147855"]
[BlackFideId "4198026"]
[EventDate "2014.11.28"]

1. d4 Nf6 2. c4 g6 3. Nf3 Bg7 4. Bf4 O-O 5. Nc3 d6 6. h3 c6 7. e3 Qa5 8. Be2 Ne4
9. Bh2 c5 10. Qc2 cxd4 11. exd4 Bf5 12. Qb3 Nc6 13. Rd1 Qb4 14. O-O Qxb3 15.
axb3 h5 16. Bd3 Nxc3 17. bxc3 Bxd3 18. Rxd3 a5 19. Ra1 e5 20. dxe5 dxe5 21. Rd5
Rfe8 22. Kf1 e4 23. Nd4 e3 24. Re1 a4 25. bxa4 Rxa4 26. Rxe3 Rxe3 27. fxe3 Rxc4
28. Nb5 Bxc3 29. Rd7 Be5 30. Bxe5 Nxe5 31. Rxb7 Rc1+ 32. Kf2 Rc2+ 33. Kf1 Rc1+
34. Ke2 Rc2+ 35. Kf1 Nc4 36. Rb8+ Kg7 37. Re8 f6 38. Nd4 Rc3 39. Kf2 Kf7 40. Ne2
Ra3 41. Re4 Nb2 42. Rd4 Nd3+ 43. Kg1 g5 44. Ng3 h4 45. Nf1 Ne5 46. Kf2 Ra2+ 47.
Rd2 Ra1 48. Rd4 Ke6 49. Rd2 f5 50. Ke2 g4 51. hxg4 fxg4 52. Rd1 Ra2+ 53. Rd2 Ra8
54. Rd4 Kf5 55. Kf2 Ra2+ 56. Kg1 Ra1 57. Rf4+ Kg5 58. Rf8 g3 59. Rg8+ Kf5 60.
Rf8+ Ke4 61. Rd8 Ng4 62. Rd4+ Kf5 63. Rf4+ Kg5 64. Rf3 Nf6 65. Rf4 Nd5 66. Rf3
Nc3 67. Kh1 Ne4 68. Rf4 Nf2+ 69. Kg1 h3 70. gxh3 Nxh3+ 71. Kg2 Nxf4+ 72. exf4+
Kxf4 73. Nxg3 Ra2+ 74. Kh3 Ra3 0-1